|
|
|
|
| LEADER |
00000nam0a2200000 4500 |
| 001 |
259797 |
| 005 |
20231101233423.0 |
| 035 |
|
|
|a (RuTPU)RU\TPU\book\282743
|
| 090 |
|
|
|a 259797
|
| 100 |
|
|
|a 20140512d1968 k y0rusy50 ca
|
| 101 |
1 |
|
|a rus
|c fre
|
| 102 |
|
|
|a RU
|
| 105 |
|
|
|a a z 001zy
|
| 200 |
1 |
|
|a Модели ядер и ядерная спектроскопия
|e пер. с фр.
|f Р. Натаф
|
| 210 |
|
|
|a Москва
|c Мир
|d 1968
|
| 215 |
|
|
|a 403 с.
|c ил.
|
| 320 |
|
|
|a Библиогр.: с. 397-398.
|
| 606 |
1 |
|
|a Атомное ядро
|x Физика
|2 stltpush
|3 (RuTPU)RU\TPU\subj\29706
|9 52982
|
| 610 |
1 |
|
|a ядерные модели
|
| 610 |
1 |
|
|a ядерная спектроскопия
|
| 610 |
1 |
|
|a ядерные оболочки
|
| 610 |
1 |
|
|a принцип Паули
|
| 610 |
1 |
|
|a спин
|
| 610 |
1 |
|
|a элементарные частицы
|
| 610 |
1 |
|
|a ядерные уровни
|
| 610 |
1 |
|
|a электрические моменты
|
| 610 |
1 |
|
|a деформирование
|
| 675 |
|
|
|a 539.14
|v 3
|
| 700 |
|
1 |
|a Натаф
|b Р.
|
| 801 |
|
1 |
|a RU
|b 63413507
|c 20140512
|
| 801 |
|
2 |
|a RU
|b 63413507
|c 20150206
|g RCR
|
| 942 |
|
|
|c BK
|